" Propuesta metodólógica para mejorar la comprensión lectora de textos poéticos en los estudiantes de octavo nivel del Colegio El Rosario "

Сохранить в:
Библиографические подробности
Главный автор: Fonseca Fallas, Cinthya
Формат:
Язык:Undetermined
Опубликовано: San José, Costa Rica Universidad de Costa Rica, Escuela de Filología, Lingüística y Literatura, Escuela de Formación Docente 2011
Предметы:
Метки: Добавить метку
Нет меток, Требуется 1-ая метка записи!

MARC

LEADER 00000nam a2200000Ia 4500
008 170316s9999 xx 000 0 und d
040 |a cru BVZT 
090 |a TESIS 845 
100 |a Fonseca Fallas, Cinthya 
245 |a " Propuesta metodólógica para mejorar la comprensión lectora de textos poéticos en los estudiantes de octavo nivel del Colegio El Rosario " 
260 |a San José, Costa Rica 
260 |b Universidad de Costa Rica, Escuela de Filología, Lingüística y Literatura, Escuela de Formación Docente 
260 |c 2011 
300 |a 118 páginas 
650 |a TRABAJO FINAL DE GRADUACIÓN 
650 |a TRABAJO FINAL DE GRADUACIÓN PARA OPTAR POR EL TÍTULO DE LICENCIATURA EN ENSEÑANZA DEL CASTELLANO Y LA LITERATURA 
650 |a ENSEÑANZA DE LA LITERATURA 
650 |a ENSEÑANZA DE LA POESÍA 
999 |c 14512  |d 14512 
942 |c TFG  |h TESIS 845  |2 z